00710nam a2200217 a 4500001001000000003000900010005001700019007000300036008004100039040002500080082002500105100002600130245009900156260003500255300002000290500006300310650002500373650002700398700003000425700003700455000039332DO-SdBNP20230411134953.0ta130624s1993 dr 000 0 spa d aDO-SdBNPbspacBNPHU 4aRD861.44 bS113p2221 aSaba, Ramón,d1948-10aPor fin las amapolas! /cRamón Saba ; prólogo Víctor Villegas, Radhames Reyes Vásquez. aSanto Domingo :bGolfo,c1993. a32 p. ;c22 cm. aIncluye datos biográficos del autor en la contracubierta 4aPoesía dominicana  4aLiteratura dominicana 1 aVillegas, Víctoreprol.1 aReyes Vásquez, Radhameseprol.